000 00823nam a2200253Ia 4500
003 OSt
005 20221005064005.0
006 a|||||r|||| 00| 0
007 ta
008 221004b |||||||| |||| 00| 0 eng d
020 _a9781452291543 (pbk)
_cUSD 49.00
024 _a29717
037 _bBBS/101, 10/03/2017, Better Book Service
_cTextual
040 _aCRL
_cCRL
_beng
041 _2eng
_aeng
082 _aX:86, Q6
100 _aDe Groot Stephen
_9603334
245 0 _aResponsive leadership in social services
_b a practical approach for optimizing engagement and performance
260 _aLos
_bAngles Sage USA
_c2016
300 _axx,245p.
_ccm.
650 _aLEADERSHIP
942 _hX:86, Q6
_cTEXL
_2cc
999 _c972186
_d972186